Death justice: Rehnquist, Scalia, Thomas and the contradictions of the death penalty
| Authors: | ; ; |
|---|---|
| Format: | Print Book |
| Language: | English |
| Published: |
El Paso, Tex.
LFB Scholarly Publ. LLC
2009
|
| In: | Year: 2009 |
| Online Access: |
Table of Contents Table of Contents Table of Contents |
| Availability in Tübingen: | Present in Tübingen. UB: KB 20 A 4109 |
| Check availability: | HBZ Gateway |
| Subito Delivery Service: | Order now. |
| Keywords: |
MARC
| LEADER | 00000cam a2200000 c 4500 | ||
|---|---|---|---|
| 001 | 589363913 | ||
| 003 | DE-627 | ||
| 005 | 20260206192831.0 | ||
| 007 | tu | ||
| 008 | 090114s2009 xxu||||| 00| ||eng c | ||
| 010 | |a 2009000116 | ||
| 020 | |a 1593323409 |c pbk. : alk. paper |9 1-59332-340-9 | ||
| 020 | |a 9781593323400 |c : pbk. : alk. paper |9 978-1-59332-340-0 | ||
| 035 | |a (DE-627)589363913 | ||
| 035 | |a (DE-603)216328896 | ||
| 035 | |a (DE-576)310983878 | ||
| 035 | |a (DE-599)GBV589363913 | ||
| 035 | |a (OCoLC)298113160 | ||
| 035 | |a (OCoLC)699216597 | ||
| 040 | |a DE-627 |b ger |c DE-627 |e rakwb | ||
| 041 | |a eng | ||
| 044 | |c XD-US | ||
| 050 | 0 | |a KF9227.C2 | |
| 082 | 0 | |a 345.73/0773 |q LOC |2 22 | |
| 084 | |a 2 |2 ssgn | ||
| 084 | |a 86.46 |2 bkl | ||
| 100 | 1 | |a Miller, Kenneth W. |4 aut | |
| 245 | 1 | 0 | |a Death justice |b Rehnquist, Scalia, Thomas and the contradictions of the death penalty |c Kenneth W. Miller and David Niven |
| 246 | 3 | 3 | |a Rehnquist, Scalia, Thomas and the contradictions of the death penalty |
| 264 | 1 | |a El Paso, Tex. |b LFB Scholarly Publ. LLC |c 2009 | |
| 300 | |a IX, 236 S. |c 23 cm | ||
| 336 | |a Text |b txt |2 rdacontent | ||
| 337 | |a ohne Hilfsmittel zu benutzen |b n |2 rdamedia | ||
| 338 | |a Band |b nc |2 rdacarrier | ||
| 500 | |a Includes bibliographical references (p. 219 - 232) and index | ||
| 505 | 8 | |a Consistency is the very foundation of the rule of law -- The death penalty in american law and politics -- Speaking for the public in death penalty decisions -- Defending the states in death penalty decisions -- The wisdom of jurors in death penalty decisions -- The legal and political implications -- The culture battle -- Death penalty policy: breaking the mold. | |
| 583 | 1 | |a Archivierung prüfen |c 20200919 |f DE-640 |z 2 |2 pdager | |
| 600 | 1 | 0 | |a Rehnquist, William H |d 1924-2005 |
| 600 | 1 | 0 | |a Scalia, Antonin |
| 600 | 1 | 0 | |a Thomas, Clarence |d 1948- |
| 600 | 1 | 7 | |0 (DE-588)119029154 |0 (DE-627)079817289 |0 (DE-576)166499285 |a Rehnquist, William H. |d 1924-2005 |2 gnd |
| 600 | 1 | 7 | |0 (DE-588)119217740 |0 (DE-627)080016324 |0 (DE-576)211674230 |a Scalia, Antonin |d 1936-2016 |2 gnd |
| 600 | 1 | 7 | |0 (DE-588)11906863X |0 (DE-627)695690876 |0 (DE-576)211033707 |a Thomas, Clarence |d 1948- |2 gnd |
| 610 | 2 | 7 | |0 (DE-588)35650-5 |0 (DE-627)100822622 |0 (DE-576)190341025 |a Usa |b Supreme Court |2 gnd |
| 650 | 0 | 7 | |0 (DE-588)4060306-4 |0 (DE-627)10614006X |0 (DE-576)209134682 |a Todesstrafe |2 gnd |
| 689 | 0 | 0 | |d b |0 (DE-588)35650-5 |0 (DE-627)100822622 |0 (DE-576)190341025 |a USA |b Supreme Court |2 gnd |
| 689 | 0 | 1 | |d s |0 (DE-588)4060306-4 |0 (DE-627)10614006X |0 (DE-576)209134682 |a Todesstrafe |2 gnd |
| 689 | 0 | |5 (DE-627) | |
| 700 | 1 | |a Miller, Kenneth Wayne |4 aut | |
| 700 | 1 | |a Niven, David |d 1971- |0 (DE-588)122315103 |0 (DE-627)081871368 |0 (DE-576)293215510 |4 aut | |
| 856 | 4 | 2 | |u https://swbplus.bsz-bw.de/bsz310983878inh.htm |m B:DE-576;DE-21 |q application/pdf |v 20100128110852 |x Verlag |3 Inhaltsverzeichnis |7 1 |
| 856 | 4 | 2 | |u http://bvbr.bib-bvb.de:8991/F?func=service&doc_library=BVB01&doc_number=017319547&line_number=0001&func_code=DB_RECORDS&service_type=MEDIA |3 Inhaltsverzeichnis |7 1 |
| 856 | 4 | 2 | |u http://scans.hebis.de/HEBCGI/show.pl?21632889_toc.pdf |m V:DE-576;B:DE-21 |q application/pdf |3 Inhaltsverzeichnis |7 1 |
| 935 | |a MZUSA | ||
| 935 | |i Blocktest | ||
| 935 | |h HEB |i 0501 | ||
| 935 | |h HEB |i 0503 | ||
| 936 | b | k | |a 86.46 |j Staatsrecht |j Verfassungsrecht: Sonstiges |0 (DE-627)106422251 |
| 936 | s | n | |a p100 |2 mzub |
| 951 | |a BO | ||
| ELC | |b 1 | ||
| LOK | |0 000 xxxxxcx a22 zn 4500 | ||
| LOK | |0 001 3243595940 | ||
| LOK | |0 003 DE-627 | ||
| LOK | |0 004 589363913 | ||
| LOK | |0 005 20100119103240 | ||
| LOK | |0 008 091020||||||||||||||||ger||||||| | ||
| LOK | |0 040 |a DE-21 |c DE-627 |d DE-21 | ||
| LOK | |0 852 |a DE-21 | ||
| LOK | |0 852 1 |c KB 20 A 4109 |9 00 | ||
| LOK | |0 935 |a krim | ||
| LOK | |0 936ln |a k5.6.6 | ||
| LOK | |0 938 |a 1001 |f 34 | ||
| LOK | |0 939 |a 20-10-09 |b l01 | ||
| ORI | |a SA-MARC-krimdoka001.raw | ||
| SIG | |a UB: KB 20 A 4109 | ||
